Welcome to CU Library Online Public Access Catalogue (OPAC)

School social work : (Record no. 5120)

MARC details
000 -LEADER
fixed length control field 00761pam a2200229 a 4500
001 - CONTROL NUMBER
control field 1670848
005 - DATE AND TIME OF LATEST TRANSACTION
control field 20250324101527.0
008 - FIXED-LENGTH DATA ELEMENTS--GENERAL INFORMATION
fixed length control field 980519s1999 ilua b 001 0 eng
020 ## - INTERNATIONAL STANDARD BOOK NUMBER
International Standard Book Number 0925065501 (alk. paper)
020 ## - INTERNATIONAL STANDARD BOOK NUMBER
International Standard Book Number 9780925065506
050 00 - LIBRARY OF CONGRESS CALL NUMBER
Classification number LB3013.4
Item number .S365 1999
082 00 - DEWEY DECIMAL CLASSIFICATION NUMBER
Classification number 371.4/6
Edition information 21
245 00 - TITLE STATEMENT
Title School social work :
Remainder of title practice, policy, and research perspectives /
Statement of responsibility, etc. edited by Robert Constable, Shirley McDonald, John P. Flynn,.
250 ## - EDITION STATEMENT
Edition statement 4th ed.
260 ## - PUBLICATION, DISTRIBUTION, ETC.
Place of publication, distribution, etc. Chicago, Ill. :
Name of publisher, distributor, etc. Lyceum Books,
Date of publication, distribution, etc. c1999.
300 ## - PHYSICAL DESCRIPTION
Extent xviii, 581 p. :
Other physical details ill. ;
Dimensions 24 cm.
650 #0 - SUBJECT ADDED ENTRY--TOPICAL TERM
Topical term or geographic name entry element School social work
Geographic subdivision United States.
700 1# - ADDED ENTRY--PERSONAL NAME
Personal name Constable, Robert T.
700 1# - ADDED ENTRY--PERSONAL NAME
Personal name McDonald, Shirley,
Dates associated with a name 1934-
700 1# - ADDED ENTRY--PERSONAL NAME
Personal name Flynn, John P.
942 ## - ADDED ENTRY ELEMENTS (KOHA)
Source of classification or shelving scheme Library of Congress Classification
Koha item type Books
Edition 4th Ed.
Suppress in OPAC No
999 ## -
-- 5120
-- 5120
Holdings
Withdrawn status Lost status Source of classification or shelving scheme Damaged status Not for loan Collection Home library Current library Shelving location Date acquired Total checkouts Full call number Barcode Date last seen Copy number Price effective from Koha item type
    Library of Congress Classification     Non-fiction Business Library (Miotso) Business Library (Miotso) General stacks 03/24/2025   LB3013.4 .S365 1999 BSSM00001550 03/24/2025 1 03/24/2025 Books
© 2023-2024 Copyright: Central University Libraries. All Rights Reserved | Created by: Mahone Tech Office